| 000 | 00554cam a22002291 4500 | ||
|---|---|---|---|
| 001 | he 67000349 | ||
| 003 | DLC | ||
| 005 | 20260227111444.0 | ||
| 008 | 840307s1966 is 000 0 heb | ||
| 010 | _ahe 67000349 | ||
| 035 | _a(OCoLC)19139853 | ||
| 040 |
_aDLC _cMH _dCU _dDLC |
||
| 042 | _apremarc | ||
| 050 | 0 | 0 |
_aPJ5054.G74 _bT8 |
| 100 | 1 | _aGur, Avivah. | |
| 245 | 1 | 0 | _aTselil noded. |
| 260 |
_a[Tel Aviv] : _bAlef, _c[1965 or 1966] |
||
| 300 |
_a38 p. ; _c21 cm. |
||
| 500 | _aVocalized. | ||
| 500 | _aPoetry. | ||
| 752 |
_aIsrael _dTel Aviv |
||
| 999 |
_c32170 _d32170 |
||